000 00500 a2200169 4500
003 OSt
005 20231106144136.0
008 231106b |||||||| |||| 00| 0 eng d
020 _a9788192686110
040 _coclc
082 _a297
_bKOD/T
100 _aKoduvally, Fazlur Rahman
_99841
245 _aThouba Pramanangalude Velichathil /
_cFazlur Rahman Koduvally
260 _aKerala:
_bVachanam books,
_c2015.
300 _a136 p
942 _2ddc
_cBK
_h297
_iKOD/T
_k297
_mKOD/T
999 _c42825
_d42825